000 00984nam a2200325 a 4500
001 17697
003 BD-RjUL
005 20211209000159.0
008 140217t1978 enk b 001 0 eng
020 _a0333192052
020 _a0333192060 (pbk.)
035 _a0333192060
035 _a(BD-RjUL)17755
040 _aDLC
_cDLC
_dm.c
_dBD-RjUL
_beng
041 _aeng
082 0 4 _a822.3
_bJON 1978
245 0 0 _aJonson :
_bEvery man in his humour and The alchemist : a casebook /
_cedited by R. V. Holdsworth
260 _aLondon :
_bMacmillan,
_c1978.
300 _a244 p. ;
_c23 cm.
504 _aIncludes index.
600 1 0 _aJonson, Ben,
_d1573?-1637
_xCriticism and interpretation.
_954565
600 1 0 _aJonson, Ben,
_d1573?-1637.
_954566
600 1 0 _aJonson, Ben,
_d1573?-1637.
_954567
700 1 _aHoldsworth, R. V.
_954561
740 0 _aEvery man in his humour
740 4 _aThe Alchemist
830 0 _aCasebook series
_954568
942 _2ddc
_cBK
999 _c17697
_d17697